000 00591nam a2200193 a 4500
003 BD-DhJNU
005 20240422061200.0
008 240401s2015 ii a b 001 0 eng
020 _a9781849010016
040 _aBD-DhJNU
_bENG
_cBD-DhJNU
_dBD-DhJNU
082 0 0 _a100 RUB
_223
100 1 _aRussell, James M.
245 1 0 _aA brief guide to philosophical classics :
_bfrom plato to winnie the pooh /
_cJames M. Russell
260 _aNew Delhi :
_bRobinson,
_c2015.
300 _axii, 292 p. :
_bill. ;
_c20 cm.
504 _aIncludes index.
650 0 _aPhilosophical literature
942 _cBK
999 _c247
_d247